|
|
|
|
| LEADER |
02502nam a2200505 4500 |
| 001 |
ocn739118519 |
| 003 |
OCoLC |
| 005 |
20170124071100.5 |
| 006 |
m o d |
| 007 |
cr cn||||||||| |
| 008 |
110706s2011 mau ob 001 0 eng d |
| 040 |
|
|
|a DG1
|b eng
|e pn
|c DG1
|d E7B
|d CDX
|d OCLCQ
|d YDXCP
|d OCLCO
|d OCLCQ
|d OCLCF
|d OCLCA
|d OCLCQ
|d DG1
|d GrThAP
|
| 020 |
|
|
|a 9781444395938
|q (electronic bk.)
|
| 020 |
|
|
|a 1444395939
|q (electronic bk.)
|
| 029 |
1 |
|
|a AU@
|b 000049641704
|
| 029 |
1 |
|
|a CHNEW
|b 000623539
|
| 029 |
1 |
|
|a DEBBG
|b BV040841979
|
| 029 |
1 |
|
|a GBVCP
|b 790033844
|
| 029 |
1 |
|
|a NZ1
|b 15900654
|
| 035 |
|
|
|a (OCoLC)739118519
|
| 037 |
|
|
|a 10.1002/9781444395938
|b Wiley InterScience
|n http://www3.interscience.wiley.com
|
| 050 |
|
4 |
|a BD421
|b .G64 2011
|
| 082 |
0 |
4 |
|a 128/.109
|2 22
|
| 049 |
|
|
|a MAIN
|
| 100 |
1 |
|
|a Goetz, Stewart.
|
| 245 |
1 |
2 |
|a A brief history of the soul /
|c Stewart Goetz and Charles Taliaferro.
|
| 264 |
|
1 |
|a Malden, MA :
|b Wiley-Blackwell,
|c 2011.
|
| 300 |
|
|
|a 1 online resource (228 pages).
|
| 336 |
|
|
|a text
|b txt
|2 rdacontent
|
| 337 |
|
|
|a computer
|b c
|2 rdamedia
|
| 338 |
|
|
|a online resource
|b cr
|2 rdacarrier
|
| 490 |
1 |
|
|a Brief histories of philosophy
|
| 505 |
0 |
|
|a Front Matter -- Introduction -- The Soul in Greek Thought -- The Soul in Medieval Christian Thought -- The Soul in Continental Thought -- The Soul in Locke, Butler, Reid, Hume, and Kant -- The Problem of Soul₆Body Causal Interaction -- The Soul and Contemporary Science -- Contemporary Challenges to the Soul -- Thoughts on the Future of the Soul -- Bibliography -- Index.
|
| 505 |
0 |
|
|a The soul in Greek thought -- The soul in medieval Christian thought -- The soul in continental thought -- The soul in Locke, Butler, Reid, Hume, and Kant -- The problem of soul-body causal interaction -- The soul and contemporary science -- Contemporary challenges to the soul -- Thoughts on the future of the soul.
|
| 504 |
|
|
|a Includes bibliographical references and index.
|
| 588 |
0 |
|
|a Print version record.
|
| 650 |
|
0 |
|a Soul.
|
| 650 |
|
7 |
|a Soul.
|2 fast
|0 (OCoLC)fst01432098
|
| 655 |
|
4 |
|a Electronic books.
|
| 700 |
1 |
|
|a Taliaferro, Charles.
|
| 710 |
2 |
|
|a Wiley InterScience (Online service)
|
| 776 |
0 |
8 |
|i Print version:
|a Goetz, Stewart.
|t Brief history of the soul.
|d Malden, MA : Wiley-Blackwell, 2011
|z 9781405196338
|w (DLC) 2010043497
|w (OCoLC)671541114
|
| 830 |
|
0 |
|a Brief histories of philosophy.
|
| 856 |
4 |
0 |
|u https://doi.org/10.1002/9781444395938
|z Full Text via HEAL-Link
|
| 994 |
|
|
|a 92
|b DG1
|